000 00657nam a22001817a 4500
003 UA-OsUOA
001 13685
007 ta
008 20030616b un ||||| |||| 00| 0 ukr d
100 _aШесталюк Ю.
942 _cSA
040 _aUA-OsUOA
_cUA-OsUOA
_dUA-OsUOA
245 _aПідполковник міліціїї
_b[Про підполковника Ю.Зарічнюка, призначеного на посаду начальника міськрайвід. внутр. справ Дубен. р-ну]
300 _aС.1
955 _a0
773 0 _w0
_tОго
_dРівне
_d2003
_g№91/29 трав./
650 7 _aЗарічнюк Ю.
_2UDC
999 _c299846
_d299846